| Поле | Инд. | ПП | Название | Значение |
|---|---|---|---|---|
| Тип записи | a | |||
| Библиографический уровень | b | |||
| 001 | Контрольный номер | DU/588688365 | ||
| 005 | Дата корректировки | 20200630193218.4 | ||
| 008 | Кодируемые данные | 20180827 | ||
| 040 | b | Код языка каталог. | rus | |
| e | Правила каталог. | PSBO | ||
| 041 | 0_ | a | Код языка текста | rus |
| 084 | a | Индекс другой классификации/Индекс ББК | 60.5р; 74.48(2Рос) | |
| 100 | 1_ | a | Автор | Зырянов В. В. |
| q | Полное имя | Зырянов Владимир Викторович | ||
| 100 | 1_ | a | Автор | Мамедов А. К. |
| q | Полное имя | Мамедов Агамали Куламович | ||
| 100 | 1_ | a | Автор | Темнова Л. В. |
| q | Полное имя | Темнова Лариса Витальевна | ||
| 245 | 10 | a | Заглавие | О стратегии и тактике развития социологического образования в России: размышления по поводу одной публикации |
| 504 | a | Библиография | Библиогр.: с. 83 | |
| 520 | 0_ | a | Аннотация | Авторы данной статьи полемизируют с идеями, высказанными в статье "Стратегии создания учебных планов по социологии в региональных университетах", написанной преподавателями Санкт-Петербургоского филиала Высшей школы экономики Ж.В. Черновой и Л.Л. Шпаковской и опубликованной в № 2 журнала "Вопросы образования" за 2011. В.В. Зырянов, Л.В. Темнова и А.К. Мамедов делают следу.щий вывод: "опасность такого рода публикаций в том, что они под маркой объективного эмпирического исследования презентуют на самом деле умозрительные (ничем не подтвержденные) выводы о судьбах всего образовательного социологического сообщества" |
| 650 | 14 | a | Основная рубрика | высшее образование |
| a | Основная рубрика | образование | ||
| a | Основная рубрика | профессиональное образование | ||
| a | Основная рубрика | социология | ||
| 653 | 1_ | a | Ключевые слова | развитие образования |
| a | Ключевые слова | Россия | ||
| a | Ключевые слова | социологическое образование | ||
| 773 | 08 | t | Заглавие источника | Вестник Московского университета. Серия 18, Социология и политология |
| d | Дата издания источника | 2012 | ||
| g | Прочая информация | № 1. - С. 72 - 83 | ||
| w | Контрольный № источника | RU/IS/BASE/392489925 | ||
| 901 | t | Тип документа | b |